000 00590nai a2200181Ia 4500
003 IN-BaIIA
008 211028c9999 xx s 000 0 eng d
022 _a0943-4062 (Print)
022 _a1613-9658 (Online)
040 _cIIA Library
245 0 _aComputational Statistics
_h[eJournal]
260 _aHeidelber, Germany
_bSpringer Berlin Heidelberg
310 _aQuarterly
362 _a14(1); 1999 - Present
521 _bSubscribed through National Knowledge Resource Consortium (NKRC)
856 _uhttps://www.springer.com/journal/180
_yClick Here to Access eJournal
942 _cEJ
999 _c34231
_d34231